| 000 | 00575nam a2200217Ia 4500 | ||
|---|---|---|---|
| 008 | 170203s9999 xx 000 0 und d | ||
| 020 | _a0-43968983X | ||
| 050 | _aFic | ||
| 050 | _bL778 | ||
| 100 | _aWright, Mike. | ||
| 245 | _aLi'l book o' big laughs / | ||
| 245 | _ccompiled by the editors at Tangerine Press ; illustrated by Mike Wright | ||
| 260 | _aNew York, NY : | ||
| 260 | _bTangerine Press, | ||
| 260 | _c©2004. | ||
| 300 | _a96 pages : | ||
| 300 | _billustrations ; | ||
| 300 | _c18 cm | ||
| 650 | _aAmerican wit and humor. | ||
| 650 | _aJokes. | ||
| 999 |
_c306454 _d306454 |
||